代表作から人気声優を当てる(女性編) - Statistics

General Stats
  • This quiz has been taken 180 times
  • The average score is 8 of 15
Answer Stats
名前 代表作 % Correct
花澤香菜 『俺の妹がこんなに可愛いわけがない』黒猫、『鬼滅の刃』甘露寺蜜璃、『劇場版 呪術廻戦 0』祈本里香、『うる星やつら (2022)』ラン、『PSYCHO-PASSサイコパス』常守朱
84%
佐倉綾音 『僕のヒーローアカデミア』麗日お茶子、『五等分の花嫁』中野四葉、『進撃の巨人』ガビ、『ご注文はうさぎですか? シリーズ』ココア、『BanG Dream! シリーズ』美竹蘭
77%
早見沙織 『鬼滅の刃』胡蝶しのぶ、『あの日見た花の名前を僕達はまだ知らない。』つるこ(鶴見知利子)、ONE PIECE』ヤマト、『SPY×FAMILY』ヨル・フォージャー
76%
水瀬いのり 『ダンジョンに出会いを求めるのは間違っているだろうか』ヘスティア、『五等分の花嫁』中野五月、『Re:ゼロから始める異世界生活』レム、『心が叫びたがってるんだ。』成瀬順
73%
高橋李依 『【推しの子】』アイ、『魔法つかいプリキュア!』朝日奈みらい/キュアミラクル、『Re:ゼロから始める異世界生活』エミリア、『からかい上手の高木さん』高木さん
63%
種崎敦美 『SPY×FAMILY』アーニャ・フォージャー、『葬送のフリーレン』フリーレン、『鬼滅の刃 遊郭編』雛鶴、『鬼灯の冷徹』芥子、『ドラゴンクエスト ダイの大冒険』ダイ
60%
釘宮理恵 『銀魂』神楽、『キングダム』河了貂、『呪術廻戦』西宮桃、『とらドラ!』逢坂大河、『鋼の錬金術師』アルフォンス・エルリック
57%
悠木碧 『魔法少女まどか☆マギカ』鹿目まどか、『ポケットモンスター ベストウイッシュ』アイリス、『妖怪ウォッチ セカンドシーズン』未空イナホ、『ソードアート・オンライン』ユウキ/紺野木綿季
57%
平野綾 『涼宮ハルヒの憂鬱』涼宮ハルヒ、『DEATH NOTE』弥海砂、『それいけ!アンパンマン』コキンちゃん、『らき☆すた』泉こなた、『FAIRY TAIL』ルーシィ・ハートフィリア
56%
内田真礼 『アオハライド』吉岡双葉、『約束のネバーランド』ノーマン、『うる星やつら』三宅しのぶ、『中二病でも恋がしたい!』小鳥遊六花役、『ぼっち・ざ・ろっく!』伊地知星歌
54%
雨宮天 『この素晴らしい世界に祝福を!』アクア、『七つの大罪』エリザベス、『アカメが斬る!』アカメ、『彼女、お借りします』水原千鶴、『よふかしのうた』七草ナズナ
49%
青山吉能 「ぼっち・ざ・ろっく!」後藤ひとり、『なつなぐ!』千葉いずみ、『社長、バトルの時間です!』マコト、『恋愛暴君』グリ、『異世界食堂』ティアナ
45%
日笠陽子 『けいおん!』秋山澪、『キングダム』羌瘣、『呪術廻戦』庵歌姫、『ハイスクールD×D』リアス・グレモリー、『はたらく魔王さま!』遊佐恵美〈勇者エミリア〉
43%
富田美憂 『かぐや様は告らせたい』伊井野ミコ、『メイドインアビス』リコ、『アイカツスターズ!』虹野ゆめ、『ガヴリールドロップアウト』ガヴリール
30%
市ノ瀬加那 『葬送のフリーレン』フェルン、『機動戦士ガンダム 水星の魔女』スレッタ・マーキュリー、『ダーリンインザフランキス』イチゴ、『メイドインアビス』マアアさん、『Dr.STONE』小川杠
24%
No matching quizzes found
Score Distribution
Percent of People with Each Score
Percentile by Number Answered
Your Score History
You have not taken this quiz